[Event "AUT-chT2O 9596"]
[Site "Austria"]
[Date "1995.??.??"]
[Round "2"]
[White "Zoebisch, Herbert"]
[Black "Polak, Tomas"]
[Result "0-1"]
[WhiteElo "2295"]
[BlackElo "2420"]
[PlyCount "78"]
[EventDate "1995.??.??"]
[Source "www.chesslib.no"]
[SourceDate "2004.05.04"]

1. d4 Nf6 2. c4 e6 3. Nc3 Bb4 4. e3 O-O 5. Bd3 c5 6. Nf3 Nc6 7. O-O Bxc3 8. bxc3 d6 9. Ng5 e5 10. f4 exd4 11. cxd4 cxd4 12. exd4 d5 13. Ba3 Re8 14. Qc2 g6 15. cxd5 Nxd5 16. Nxf7 Kxf7 17. f5 g5 18. Bc4 Kf6 19. Bb2 Qd6 20. Qd3 Nf4 21. Rxf4 gxf4 22. Be6 Bxe6 23. d5+ Ne5 24. fxe6 Rad8 25. Rf1 Qc5+ 26. Kh1 Rxd5 27. Qxh7 Kxe6 28. Qh3+ Kf7 29. Rxf4+ Ke7 30. Rf1 Kd8 31. Ba3 Qc4 32. Qf5 Nc6 33. Qf6+ Kc8 34. h3 Rde5 35. Kh2 R5e6 36. Qf5 Qe4 37. Qf7 Qe5+ 38. Kh1 Qc7 39. Bc1 Qxf7 0-1

[Event "BRA Ch"]
[Site "Natal"]
[Date "1978.07.??"]
[Round "1"]
[White "Trois, Francisco R T"]
[Black "Camara, Helder"]
[Result "0-1"]
[WhiteElo "2385"]
[BlackElo "2325"]
[PlyCount "80"]
[EventDate "1978.07.??"]
[Source "www.chesslib.no"]
[SourceDate "2004.05.04"]

1. d4 Nf6 2. c4 e6 3. Nc3 Bb4 4. e3 O-O 5. Bd3 c5 6. Nf3 d6 7. Bd2 Nc6 8. a3 Ba5 9. Qc2 cxd4 10. Nxd4 Nxd4 11. exd4 Bb6 12. Ne2 e5 13. c5 e4 14. cxb6 exd3 15. Qxd3 Qxb6 16. O-O Re8 17. Nc3 Qb3 18. Rfe1 Be6 19. Bf4 Rac8 20. Qd2 Nd5 21. Bxd6 Nxc3 22. bxc3 Rxc3 23. Rab1 Qc4 24. Rb4 Qd3 25. Qxd3 Rxd3 26. Rxb7 Rxd4 27. Bc5 Ra4 28. Rxa7 Rxa7 29. Bxa7 Rc8 30. Ra1 Bb3 31. Rb1 h5 32. h4 Rc3 33. Bd4 Rd3 34. Bc5 f6 35. f3 Kf7 36. Kf2 g5 37. hxg5 fxg5 38. Be3 g4 39. Ke2 Bc4 40. Rb7+ Rd7+ 0-1

[Event "Open Akiba Rubinstein, Club Modelo"]
[Site "Montevideo"]
[Date "2003.06.12"]
[Round "4"]
[White "Saralegui, Mario"]
[Black "Carvalho, Guillermo"]
[Result "1-0"]
[WhiteElo "2339"]
[BlackElo "2371"]
[PlyCount "137"]
[EventDate "2003.06.??"]
[Source "Roberto Alvarez"]
[SourceDate "2003.07.21"]

1. d4 Nf6 2. c4 e6 3. Nc3 Bb4 4. e3 O-O 5. Bd3 c5 6. Nf3 b6 7. O-O Bxc3 8. bxc3 Bb7 9. Nd2 Ne8 10. e4 f5 11. exf5 exf5 12. Nf3 f4 13. d5 Qf6 14. Qe2 Nd6 15. Qe5 Na6 16. Qxf6 Rxf6 17. Re1 Re8 18. Bd2 Nb8 19. Rxe8+ Nxe8 20. Re1 Nd6 21. Ng5 h6 22. Ne4 Nxe4 23. Rxe4 g5 24. h4 b5 25. hxg5 hxg5 26. Re5 bxc4 27. Rxg5+ Kf7 28. Bxc4 Ba6 29. Bb3 Be2 30. f3 c4 31. Bc2 Na6 32. Rg4 Nc7 33. Be4 Nb5 34. a4 Nd6 35. Bh7 Bd1 36. Bxf4 Ne8 37. Be5 Rh6 38. Bf5 Bxa4 39. Rxc4 Bb3 40. Rf4 Ke7 41. c4 a5 42. Bc3 a4 43. Re4+ Kd8 44. c5 Bxd5 45. Rxa4 Bc6 46. Rg4 Rh5 47. Rf4 Ke7 48. Bd4 Nc7 49. Bg4 Rh7 50. Be5 Nb5 51. Bf5 Rf7 52. g4 d6 53. cxd6+ Nxd6 54. Bxd6+ Kxd6 55. Kf2 Ke5 56. Rb4 Rb7 57. Rxb7 Bxb7 58. Kg3 Bd5 59. f4+ Kf6 60. Bd3 Bb3 61. g5+ Kg7 62. f5 Bf7 63. Kf4 Ba2 64. Ke5 Bb3 65. g6 Kf8 66. f6 Ba2 67. Bf5 Bg8 68. Be6 Bf7 69. g7+ 1-0

[Event "Corr"]
[Site "?"]
[Date "1999.05.15"]
[Round "?"]
[White "Bellmann Herbert (GER)"]
[Black "Raffaele Enzo (ITA)"]
[Result "1-0"]
[WhiteElo "2460"]
[BlackElo "2242"]
[PlyCount "77"]
[EventDate "1999.??.??"]
[Source "www.chesslib.no"]
[SourceDate "2004.05.04"]

1. d4 Nf6 2. c4 e6 3. Nc3 Bb4 4. e3 c5 5. Bd3 Nc6 6. Nf3 O-O 7. d5 Bxc3+ 8. bxc3 Na5 9. O-O d6 10. e4 b6 11. Bg5 h6 12. Bh4 Re8 13. Nd2 Ba6 14. f4 exd5 15. exd5 Re3 16. Rf3 Qe7 17. Bxf6 gxf6 18. Rh3 Re8 19. Rxh6 Re1+ 20. Qxe1 Qxe1+ 21. Rxe1 Rxe1+ 22. Kf2 Rc1 23. Ke2 Rxc3 24. Ne4 Ra3 25. Nxd6 Rxa2+ 26. Kf3 Ra3 27. Ke4 Ra4 28. Rxf6 Bxc4 29. Bxc4 Nxc4 30. Nxc4 Rxc4+ 31. Ke5 Rc2 32. Rc6 Kg7 33. Kd6 Rd2 34. h4 Rd4 35. g3 Rd3 36. g4 Rd4 37. h5 Kh7 38. g5 Rxf4 39. Ke7 1-0

[Event "URS Ch sf"]
[Site "Moscow RUS"]
[Date "1988.??.??"]
[Round "11"]
[White "Muratov, Vladimir A"]
[Black "Naumkin, Igor"]
[Result "1-0"]
[WhiteElo "2215"]
[BlackElo "2485"]
[PlyCount "37"]
[EventDate "1988.??.??"]
[Source "www.chesslib.no"]
[SourceDate "2004.05.04"]

1. d4 Nf6 2. c4 e6 3. Nc3 Bb4 4. e3 c5 5. Nf3 O-O 6. Bd3 Nc6 7. O-O Bxc3 8. bxc3 b6 9. d5 Na5 10. e4 Ne8 11. e5 f5 12. Bg5 Qc7 13. Be7 Rf7 14. d6 Qc6 15. Ng5 Bb7 16. f3 Rxe7 17. dxe7 Ba6 18. Be4 fxe4 19. fxe4 1-0

[Event "HUN-ch"]
[Site "Budapest"]
[Date "1977.??.??"]
[Round "?"]
[White "Farago, Ivan"]
[Black "Rigo, Janos"]
[Result "1-0"]
[WhiteElo "2500"]
[BlackElo "2200"]
[PlyCount "51"]
[EventDate "1977.11.??"]
[Source "ChessBase"]

1. d4 Nf6 2. c4 e6 3. Nc3 Bb4 4. e3 O-O 5. Bd3 c5 6. Nf3 b6 7. O-O Bxc3 8. bxc3 Bb7 9. Re1 Ne4 10. Nd2 f5 11. f3 Ng5 12. e4 fxe4 13. Nxe4 Nxe4 14. Bxe4 d5 15. cxd5 exd5 16. Bc2 c4 17. Qe2 Nd7 18. Qe6+ Kh8 19. Qh3 Nf6 20. Bg5 Qc7 21. Re5 Rad8 22. Rae1 Rd7 23. Re8 Rdf7 24. Bxf6 gxf6 25. Qh6 Qd6 26. Bxh7 1-0

[Event "Lone Pine op"]
[Site "Lone Pine"]
[Date "1979.??.??"]
[Round "3"]
[White "Diesen, Mark C"]
[Black "Whitehead, Jay E"]
[Result "1-0"]
[WhiteElo "2460"]
[BlackElo "2235"]
[PlyCount "91"]
[EventDate "1979.03.??"]
[Source "ChessBase"]

1. d4 Nf6 2. c4 e6 3. Nc3 Bb4 4. e3 c5 5. Bd3 O-O 6. Nf3 b6 7. O-O d6 8. Ne2 d5 9. a3 Ba5 10. Rb1 b5 11. cxb5 c4 12. Bc2 a6 13. bxa6 Bxa6 14. Ne5 Ne4 15. f3 Nd6 16. Nc3 f6 17. Ng4 Nc6 18. Kh1 f5 19. Ne5 Nxe5 20. dxe5 Nf7 21. f4 g5 22. Ne2 Bb6 23. Nd4 Qe7 24. Rg1 g4 25. Bd2 Bc5 26. Bb4 Bxb4 27. axb4 Bc8 28. Qd2 Bd7 29. Ra1 Rfb8 30. Ra3 Nd8 31. Rxa8 Rxa8 32. Nxf5 Qf8 33. Nd6 Rb8 34. Ra1 Nc6 35. b5 Ne7 36. Qa5 d4 37. Qa7 Bxb5 38. Nxb5 Rxb5 39. Qxd4 Qc8 40. e4 Rb7 41. f5 Rd7 42. Qe3 Nc6 43. Qc5 Qb7 44. Qxc4 Nxe5 45. Qxe6+ Nf7 46. f6 1-0

[Event "Eger Cup"]
[Site "Eger"]
[Date "1995.??.??"]
[Round "?"]
[White "Meszaros, Andras"]
[Black "Csiszar, Csaba"]
[Result "1/2-1/2"]
[WhiteElo "2310"]
[BlackElo "2380"]
[PlyCount "151"]
[EventDate "1995.??.??"]
[Source "www.chesslib.no"]
[SourceDate "2004.05.04"]

1. d4 Nf6 2. c4 e6 3. Nc3 Bb4 4. e3 O-O 5. Nf3 b6 6. Bd3 Bb7 7. O-O Bxc3 8. bxc3 Ne4 9. Nd2 Nxd2 10. Bxd2 f5 11. Qb3 Qe7 12. f3 d6 13. c5 dxc5 14. e4 fxe4 15. fxe4 Nd7 16. Bf4 cxd4 17. cxd4 c5 18. d5 exd5 19. exd5 Qf6 20. Kh1 Qd4 21. Bxh7+ Kxh7 22. Qh3+ Kg8 23. Qe6+ Rf7 24. Qxf7+ Kxf7 25. Be5+ Nf6 26. Bxd4 cxd4 27. Rfd1 Bxd5 28. Rxd4 Rc8 29. Rd2 Rc5 30. Kg1 Ra5 31. a3 b5 32. Rf1 Bb3 33. Rd7+ Kg6 34. Rd3 Bc4 35. Rg3+ Kh7 36. Re1 Nd5 37. Rh3+ Kg8 38. Re8+ Kf7 39. Rb8 g6 40. Rf3+ Ke6 41. h4 Ra6 42. Rb7 Ke5 43. Kf2 Nf4 44. g4 Nd3+ 45. Kg3 Rxa3 46. h5 gxh5 47. gxh5 Ra1 48. h6 Rh1 49. h7 a5 50. Rf8 a4 51. h8=Q+ Rxh8 52. Rxh8 Kd4 53. Ra7 Kc3 54. Kf3 Kb3 55. Ke4 Nb4 56. Rh3+ Kb2 57. Rg7 Nc2 58. Rg2 b4 59. Rxc2+ Kxc2 60. Rh2+ Kc3 61. Rh3+ Kb2 62. Rh2+ Ka3 63. Kd4 Bf7 64. Rf2 Bg6 65. Kc4 Bh5 66. Rh2 Bf7+ 67. Kd4 Be6 68. Rf2 Kb3 69. Rf3+ Kc2 70. Rf2+ Kc1 71. Rf1+ Kd2 72. Rf2+ Ke1 73. Rb2 Bb3 74. Kd3 a3 75. Rxb3 a2 76. Kc2 1/2-1/2

[Event "Karditsa IM"]
[Site "Karditsa"]
[Date "1984.??.??"]
[Round "?"]
[White "Kallai, Gabor"]
[Black "Hrisanthopoulos, Dimitrios"]
[Result "1/2-1/2"]
[WhiteElo "2405"]
[BlackElo "2270"]
[PlyCount "106"]
[EventDate "1984.??.??"]
[Source "www.chesslib.no"]
[SourceDate "2004.05.04"]

1. d4 Nf6 2. c4 e6 3. Nc3 Bb4 4. e3 O-O 5. Bd3 c5 6. Nf3 d6 7. O-O Bxc3 8. bxc3 Nc6 9. Nd2 e5 10. Ne4 Re8 11. dxc5 dxc5 12. Qc2 Nxe4 13. Bxe4 Qh4 14. Rb1 Na5 15. g3 Qh5 16. Qa4 Bf5 17. Bxf5 Qxf5 18. Ba3 b6 19. Rbd1 Qg4 20. Bxc5 Nxc4 21. Ba3 Nxe3 22. Qxg4 Nxg4 23. Rd6 Rac8 24. Rd7 a5 25. Rd6 Rxc3 26. Bb2 Rcc8 27. h3 Nh6 28. Rxb6 f6 29. Ra6 Ra8 30. Rxa8 Rxa8 31. a4 Rb8 32. Bc3 Rb3 33. Bxa5 Ra3 34. Bd2 Nf5 35. a5 Nd4 36. Kg2 Nb3 37. Rd1 Nxd2 38. Rxd2 Rxa5 39. Rd7 h5 40. h4 Ra4 41. Kf3 Kh7 42. Rb7 Kg6 43. Rc7 Rb4 44. Ra7 Kh6 45. Rc7 Rd4 46. Ra7 Kh7 47. Ke3 Rb4 48. Kf3 Kh8 49. Ra8+ Kh7 50. Ra7 Rc4 51. Rb7 Kg8 52. Rb8+ Kf7 53. Rb7+ Kg6 1/2-1/2

[Event "Helsinki-ch"]
[Site "Helsinki"]
[Date "1998.??.??"]
[Round "6"]
[White "Norri, Joose"]
[Black "Kokkila, Tero"]
[Result "0-1"]
[WhiteElo "2405"]
[BlackElo "2270"]
[PlyCount "82"]
[EventDate "1998.??.??"]
[Source "www.chesslib.no"]
[SourceDate "2004.05.04"]

1. d4 Nf6 2. c4 e6 3. Nc3 Bb4 4. e3 c5 5. Bd3 O-O 6. Nf3 b6 7. d5 exd5 8. cxd5 h6 9. e4 Nxe4 10. Bxe4 Bxc3+ 11. bxc3 Re8 12. Nd2 f5 13. O-O fxe4 14. Qh5 d6 15. Qg6 Re5 16. Nc4 Bf5 17. Qg3 Rxd5 18. Bxh6 Qf6 19. Bg5 Qe6 20. f3 Rd3 21. Ne3 Nd7 22. fxe4 Bxe4 23. c4 Rf8 24. Rxf8+ Nxf8 25. Rf1 Nh7 26. h4 Bc6 27. Re1 Nxg5 28. hxg5 Qe5 29. Qh3 Qxg5 30. Qe6+ Kh7 31. Re2 Qh6 32. Qf5+ Qg6 33. Qf2 Rd4 34. g4 Qe4 35. Qf7 Qh1+ 36. Kf2 Qh4+ 37. Kf1 Qh1+ 38. Kf2 Qh2+ 39. Ke1 Qg3+ 40. Qf2 Qxf2+ 41. Kxf2 Be4 0-1

[Event "URS-ch otbor"]
[Site "Beltsy"]
[Date "1977.??.??"]
[Round "?"]
[White "Podgaets, Mikhail"]
[Black "Kharitonov, Andrei Y"]
[Result "1-0"]
[WhiteElo "2450"]
[BlackElo "2200"]
[PlyCount "77"]
[EventDate "1977.??.??"]
[Source "ChessBase"]

1. d4 e6 2. c4 Nf6 3. Nc3 Bb4 4. e3 c5 5. Bd3 O-O 6. Nf3 Nc6 7. O-O Bxc3 8. bxc3 d6 9. e4 Nd7 10. Bg5 f6 11. Be3 e5 12. Rb1 Rf7 13. Rb2 b6 14. Qb1 Ba6 15. d5 Na5 16. Nd2 g5 17. Qd1 Nf8 18. g3 Rg7 19. Kh1 Ng6 20. Qe2 Qe7 21. Nb3 Nxb3 22. axb3 Rf8 23. Ra1 Bc8 24. Rba2 Kh8 25. Qf3 Nf4 26. gxf4 gxf4 27. Rxa7 Qxa7 28. Rxa7 Rxa7 29. Bxf4 exf4 30. h3 Rd7 31. Qxf4 Rdd8 32. Qh6 Rf7 33. e5 dxe5 34. Bxh7 Rg7 35. Qxf6 Rdd7 36. Bf5 Rdf7 37. Qh6+ Kg8 38. Bxc8 Rxf2 39. Be6+ 1-0

[Event "Cleopatra op"]
[Site "Mamaia"]
[Date "1999.??.??"]
[Round "6"]
[White "Baciu, Stefan"]
[Black "Spulber, Cicerone"]
[Result "0-1"]
[WhiteElo "2275"]
[BlackElo "2375"]
[PlyCount "62"]
[EventDate "1999.05.10"]
[Source "www.chesslib.no"]
[SourceDate "2004.05.04"]

1. d4 Nf6 2. c4 e6 3. Nc3 Bb4 4. e3 O-O 5. Bd3 c5 6. Nf3 Nc6 7. O-O Bxc3 8. bxc3 d6 9. Ng5 e5 10. f4 h6 11. fxe5 dxe5 12. Ne4 Nxe4 13. Bxe4 cxd4 14. Ba3 Re8 15. Bd5 Be6 16. Qf3 Qd7 17. Rab1 dxe3 18. Rbd1 Qc7 19. Qxe3 Na5 20. Bb4 Nxc4 21. Qf2 Bxd5 22. Rxd5 b6 23. Rd3 a5 24. Rg3 axb4 25. Rxg7+ Kxg7 26. Qf6+ Kh7 27. Qf5+ Kg8 28. Qg4+ Kf8 29. Qg6 Nd6 30. Qxh6+ Ke7 31. Qf6+ Kd7 0-1

[Event "Bad Mergentheim Open"]
[Site "Bad Mergentheim"]
[Date "1989.??.??"]
[Round "?"]
[White "Zsinka, Laszlo"]
[Black "Horstmann, Michael"]
[Result "1-0"]
[WhiteElo "2395"]
[BlackElo "2240"]
[PlyCount "56"]
[EventDate "1989.10.??"]
[Source "www.chesslib.no"]
[SourceDate "2004.05.04"]

1. d4 Nf6 2. c4 e6 3. Nc3 Bb4 4. e3 c5 5. Bd3 Nc6 6. Nf3 O-O 7. O-O Bxc3 8. bxc3 d6 9. e4 e5 10. h3 Ne8 11. Be3 b6 12. a4 g6 13. a5 exd4 14. cxd4 cxd4 15. Bh6 Ng7 16. axb6 Qxb6 17. Rb1 Qc7 18. Be2 Bb7 19. Nxd4 Nxd4 20. Qxd4 Ne6 21. Qe3 Rfb8 22. Rfd1 Ba6 23. Rbc1 Rb2 24. Bg4 Qc5 25. Bxe6 fxe6 26. Qf4 Re8 27. Rxd6 Rxf2 28. Qxf2 Qxd6 1-0